MDQL
is popping MORE tags! Check the
thread
!
Quizzes
Events
Quiz Creation
Community
Videos
Private Events
Remove Ads
Sign In
Join for FREE
Feedback
Dark Mode
Quiz Categories
Sports
Geography
Music
Movies
Television
Just For Fun
Miscellaneous
History
Literature
Language
Science
Gaming
Entertainment
Religion
Holiday
For Kids
Quiz Lab
Recent
Popular Today
Quiz Kudos Today
Editor Picks
Curator Picks
Quizzes by...
Day
Popularity
Type
Ratings
Length
Year
Community
Subscriptions
Recent Discussions
Orange Saloon
Badges
Playlists
Quests
Create
Leaderboards
Showdown
Live 5
Trivia Bingo
Activity
Puzzle Library
Sporcle Events
Private Events
Virtual Trivia
Globe League
Become a Host
Pub Owners
SporcleCon
Opinionation
Our Games
Videos
Blog
Mobile Apps
Partnerships
Remove Ads and Go Orange
Feedback
Television
TV Characters
TV Show
Sitcom
Network
Friends
Reality Shows
Cast
South Park
Star Trek
The Simpsons
Doctor Who
Television
TV Characters
TV Show
Sitcom
Network
Friends
Reality Shows
Cast
South Park
Star Trek
The Simpsons
Doctor Who
Random Quiz
Search Sporcle
×
Quiz Lab
Quiz Lab
Television
Friends
Type in answers that appear in a list
Type in answers that appear in a list
Classic
Best Score? Go Orange.
Friends Chain Link Stats
Can you name the Friends Chain Link?
By
zara12334
10m
60 Questions
3,835 Plays
3,835 Plays
3,835 Plays
Comments
Comments
Give Quiz Kudos
Give Quiz Kudos
-
- Ratings
hide this ad
More Info
No Skip
Answers have to be entered in order without skipping
Answers have to be entered in order without skipping
Replay
Link that replays current quiz
Next Quiz
Link to next quiz in quiz playlist
You Got
0%
They Got
Avg Score
63%
Avg Friend Score
Upgrade to see
Score Distribution
Jump to the score distribution portion of the page
Score
0/60
Timer
10:00
2
Plays Today
Clue
Character
% Correct
?
???
100%
?
???
99.8%
?
???
99.5%
?
???
97.9%
?
???
97.8%
?
???
96.9%
?
???
96.1%
?
???
93.9%
?
???
92%
?
???
88.5%
?
???
87.5%
?
???
87.5%
?
???
86.8%
?
???
86.6%
?
???
83.3%
?
???
75.6%
?
???
73.8%
?
???
73%
?
???
66.7%
?
???
66.6%
?
???
65.9%
?
???
65.8%
?
???
64.8%
?
???
64.4%
?
???
63.2%
?
???
63%
?
???
62.8%
?
???
62.6%
?
???
62.4%
?
???
61.1%
Clue
Character
% Correct
?
???
61%
?
???
60.2%
?
???
59.7%
?
???
59.7%
?
???
59.6%
?
???
58.8%
?
???
58.7%
?
???
58.7%
?
???
58.6%
?
???
55.8%
?
???
55.7%
?
???
54.5%
?
???
54.2%
?
???
52%
?
???
50.6%
?
???
48%
?
???
43.3%
?
???
42.7%
?
???
42.7%
?
???
42.3%
?
???
41.7%
?
???
40.8%
?
???
39%
?
???
35.6%
?
???
35.1%
?
???
33.4%
?
???
33.3%
?
???
33.2%
?
???
28.8%
?
???
27.6%
Quiz Playlist
Details
Report
Send in Message
Add To Playlist
More Info:
The answers do repeat!
Classic:
Type in answers that appear in a list
No Skip:
Answers have to be entered in order without skipping
Last Updated: Feb 16, 2017
Quiz Scoreboard
CHALLENGE
Sign Up to Join the Scoreboard
Show All
Scores
Hide
Comments
May contain spoilers
Recently Published
1-10 Letter E Words III
by El_Dandy
Language
2m
Street Fighter Characters
by Artimus82
Gaming
60s
College Basketball Coaching Resumes
by pancakes188
Sports
9m
More to Explore
Quiz From the Vault
Featured Blog Post
Where Did the Easter Bunny Come From?
hide this ad
You Might Also Like...
Tags
Friends Quiz
Friends Characters
Today's Top Quizzes in Television
Browse Television
hide this ad
Today's Top Quizzes in Friends
Browse Friends
Top Contributed Quizzes in Television
1
Survivor Journey Challenge
2
Adjectives in 80s TV Shows
3
5-to-1: The Simpsons Families
4
Adjectives in 00s TV Shows
5
5-to-1: Television Doctors
6
Adjectives in 10s TV Shows
7
7-to-1: TV Show Settings
8
5-to-1: Streaming Originals
9
Adjectives in 70s TV Shows
10
Survivor Seasons
Explore More
Trending Topics
Anime
NBA
Disney
Marvel
Crossword
Harry Potter
Kpop
Country
Puzzle
Song
WWE
Pokémon
NFL
The Office
Soccer
hide this ad
More By:
zara12334
Quiz
Plays
Rating
Category
Featured
Created
Friends Chain Link
3,835
2.91
Television
Mar 9, 2011
Go to Creator's Profile
Score Distribution
Quiz Creator Spotlight
zara12334
Follow
Send a Message
Quizzes Created
-
Created Quiz Play Count
-
More By This Creator
Popular Quizzes Today
1
Find the US States - No Outlines Minefield
2
Find the Countries of Europe - No Outlines Minefield
3
The Countries of the World
4
Find the US States
5
Risky Map Clicking: Biggest States A-Z
6
US States
7
Popular People in 1961
8
Movies - When Are They Set?
More Television Quizzes
Find the TV Teen Drama Female Characters
Quiz Lab
Trending Quizzes
Risky Map Clicking: Least Populous States A-Z
Billboard Blitz: Aretha Franklin
Famous Russians: Author or Composer?
Countries of the World: 200 Million BC
1-10 Letter G Words
Recently Updated
Leaping Animals
pecheneg
Reality TV Shows (A-Z)
bhenderson79
Rickey Henderson's Hall of Fame Teammates
pecheneg
Champions League XIs: Arsenal
pecheneg
Quick Pick: Celebrities in WWE's Hall of Fame
aduchscher
A-Z Keypad Blitz II
pecheneg
Multiple Oscar Actors
pecheneg
Mystery Phrase Blitz: Oscar 'Best Actors'
pecheneg
F. Scott Fitzgerald Novels
LTH
Pick 3 Villains
ddd62291
Trending Topics
Anime
Disney
NBA
Marvel
Kpop
Crossword
Harry Potter
Soccer
Pokémon
The Office
NFL
Song
Puzzle
WWE
Country
Your Account Isn't Verified!
In order to create a playlist on Sporcle, you need to verify the email address you used during registration. Go to your
Sporcle Settings
to finish the process.
Report this User
Report this user for behavior that violates our
Community Guidelines
.
Details:
Send Report
Go to the Sporcle.com Mobile Site →
Comments